| 000 | 00515nam a2200181Ia 4500 | ||
|---|---|---|---|
| 008 | 151202s9999||||xx |||||||||||||| ||und|| | ||
| 082 | _bPNVM-52748 | ||
| 100 | _aगोखले अरविंद. | ||
| 245 | _aवरात. | ||
| 260 | _bपुणे साहित्य वितरण. | ||
| 260 | _c1982 | ||
| 300 | _a142 | ||
| 600 | _aगोखले अरविंद. | ||
| 630 | _aवरात. | ||
| 700 | _aगोखले अरविंद. | ||
| 730 | _aवरात. | ||
| 942 | _cBOOK | ||
| 999 |
_c1319287 _d1319284 |
||